| 000 | 00679cam a22002174a 4500 | ||
|---|---|---|---|
| 020 | _a9780821373521 | ||
| 020 | _a0821373528 | ||
| 040 | _cDLC | ||
| 082 | 0 | 0 | _a338 WOR 2009 A012 Or. |
| 100 | 1 | _aFiszbein, Ariel. | |
| 245 | 1 | 0 |
_aConditional cash transfers : _breducing present and future poverty / |
| 260 |
_aWashington D.C. : _bWorld Bank, _cc2009. |
||
| 300 |
_axviii, 361 p. : _bill. (some col.), maps (some col.) ; _c24 cm. |
||
| 490 | 1 | _aA World Bank policy research report | |
| 650 | 0 | _aTransfer payments | |
| 650 | 0 | _aEconomic assistance, Domestic | |
| 650 | 0 | _aPoverty | |
| 700 | 1 | _aSchady, Norbert RĂ¼diger, | |
| 700 | 1 | _aFerreira, Francisco H. G. | |
| 942 | _cEK | ||
| 999 |
_c14020 _d14020 |
||